| 000 | nam a22 a 4500 | ||
|---|---|---|---|
| 999 |
_c422251 _d422251 |
||
| 003 | BLK | ||
| 005 | 20210630093833.0 | ||
| 008 | 210630b bu |||||||||| 00| | bu d | ||
| 040 | _aBLK | ||
| 041 |
_aFRE _cFRE |
||
| 080 |
_aФренска литература _b821.133.1 _x-2 _z821.133.1-2 |
||
| 100 |
_9255148 _aHugo, Victor _eпърви автор |
||
| 139 |
_aHugo, Victor _bH 90 |
||
| 245 |
_aLucrece Borgia _bDrame en trois actes _cVictor Hugo |
||
| 257 | _aDEU | ||
| 260 |
_9459137 _aBerlin _bVerlag von Friedberg Mode _c1887 |
||
| 300 |
_a88 p. _c14 cm |
||
| 380 | _aX | ||
| 490 |
_9435080 _aКолекция Редки и ценни издания |
||
| 852 |
_aРф 887 _bРц |
||
| 942 |
_cKNG _n0 _s1 |
||
| 944 |
_aCR _c2021-06-30 _kВП |
||